[Event "1st EUR-ch"]
[Site "Saint Vincent ITA"]
[Date "2000.07.04"]
[Round "2"]
[White "Franco Ocampos, Zenon"]
[Black "Conquest, Stuart"]
[Result "0-1"]
[WhiteElo "2512"]
[BlackElo "2529"]
[EventDate "2000.07.03"]
[PlyCount "78"]

1.c4 e5 2.g3 Nf6 3.Bg2 c6 4.d4 Bb4+ 5.Bd2 Bxd2+ 6.Qxd2 d6 7.Nc3 O-O 8.e3 
Qe7 9.Nge2 e4 10.O-O Re8 11.h3 h5 12.f3 exf3 13.Rxf3 Nh7 14.Nf4 h4 15.e4 
Nd7 16.Raf1 Ndf8 17.Qf2 Ng5 18.Rd3 Nge6 19.Nxe6 Bxe6 20.d5 Bd7 21.e5 dxe5 
22.d6 Qe6 23.Nd5 cxd5 24.Bxd5 Qf6 25.Rf3 Qg5 26.Bxf7+ Kh7 27.Bxe8 Rxe8 28.
Kh2 e4 29.gxh4 Qe5+ 30.Rg3 e3 31.Qf7 e2 32.Rg1 Bf5 33.h5 Kh6 34.c5 Nh7 35.
d7 Rd8 36.Kg2 Ng5 37.Rxg5 Kxg5 38.Kf2+ Kh4 39.Qc4+ Kxh5 0-1

[Event "1st EUR-ch"]
[Site "Saint Vincent ITA"]
[Date "2000.07.04"]
[Round "2"]
[White "Fressinet, Laurent"]
[Black "Smirin, Ilia"]
[Result "1/2-1/2"]
[WhiteElo "2536"]
[BlackElo "2677"]
[EventDate "2000.07.03"]
[PlyCount "41"]

1.e4 c5 2.Nc3 e6 3.Nf3 a6 4.d4 cxd4 5.Nxd4 b5 6.Bd3 Qb6 7.Nb3 Qc7 8.O-O 
Nf6 9.Qe2 Bb7 10.f4 b4 11.Nd1 a5 12.Nf2 Nc6 13.Be3 a4 14.Nd2 Be7 15.Ng4 d6
16.Nc4 O-O 17.Nb6 Ra5 18.Nc4 Raa8 19.Nb6 Ra5 20.Nc4 Raa8 21.Nb6 1/2-1/2

[Event "1st EUR-ch"]
[Site "Saint Vincent ITA"]
[Date "2000.07.04"]
[Round "2"]
[White "Galkin, Alexander"]
[Black "Mikhalevski, Alexander"]
[Result "1-0"]
[WhiteElo "2587"]
[BlackElo "2464"]
[EventDate "2000.07.03"]
[PlyCount "143"]

1.e4 e5 2.Nf3 Nc6 3.Bb5 a6 4.Ba4 Nf6 5.O-O Nxe4 6.d4 b5 7.Bb3 d5 8.dxe5 
Be6 9.Nbd2 Bc5 10.Nxe4 dxe4 11.Ng5 Qxd1 12.Rxd1 Bxb3 13.axb3 Bb6 14.Bf4 
Ke7 15.Nxe4 Ke6 16.Be3 Bxe3 17.fxe3 Ke7 18.Rd5 Nb4 19.Rc5 Rac8 20.Rd1 Rhd8
21.Rd4 a5 22.Kf1 Rd7 23.Nd6 Rb8 24.Nf5+ Kd8 25.Nxg7 c6 26.e6 fxe6 27.Nxe6+
Ke7 28.Re5 Kf6 29.Rxd7 Kxe5 30.Nd4 c5 31.Nf3+ Ke6 32.Rd2 a4 33.c3 Nc6 34.
Ng5+ Ke5 35.Nf7+ Ke4 36.bxa4 Kxe3 37.Re2+ Kd3 38.axb5 Rxb5 39.Ke1 Ra5 40.
Ne5+ Nxe5 41.Rxe5 Ra2 42.Re2 Ra6 43.Rd2+ Kc4 44.b4 cxb4 45.cxb4 Kxb4 46.
Rd7 Rh6 47.h3 Kc5 48.Kf2 Kc6 49.Rd3 Rg6 50.Kf3 Rf6+ 51.Ke4 Rf2 52.g4 Rf7 
53.Ke5 Rg7 54.Kf6 Rg6+ 55.Kf5 Rh6 56.Kg5 Rg6+ 57.Kh5 Kc7 58.Rd5 Ra6 59.h4 
Ra4 60.g5 Ra6 61.Rf5 Kd8 62.Rf7 Ke8 63.Rxh7 Kf8 64.Rb7 Kg8 65.g6 Ra4 66.
Kg5 Rc4 67.h5 Rc5+ 68.Kh6 Rc8 69.Rb5 Ra8 70.Kg5 Kg7 71.h6+ Kh8 72.h7 1-0

[Event "1st EUR-ch"]
[Site "Saint Vincent ITA"]
[Date "2000.07.04"]
[Round "2"]
[White "Handke, Florian"]
[Black "Sax, Gyula"]
[Result "1/2-1/2"]
[WhiteElo "2455"]
[BlackElo "2563"]
[EventDate "2000.07.03"]
[PlyCount "81"]

1.d4 Nf6 2.c4 e6 3.Nc3 Bb4 4.e3 b6 5.Ne2 Ne4 6.Qc2 Bb7 7.a3 Bxc3+ 8.Nxc3 
f5 9.b3 O-O 10.Bb2 d5 11.O-O-O Nd7 12.f3 Nxc3 13.Qxc3 Qe7 14.Bd3 Rac8 15.
Kb1 c5 16.Rhe1 a6 17.cxd5 exd5 18.dxc5 bxc5 19.Bc2 Rf7 20.h3 Re8 21.Ka2 
Qe5 22.Qxe5 Nxe5 23.f4 Nd7 24.b4 cxb4 25.axb4 Nb6 26.Bd3 Nc4 27.Bd4 Bc6 
28.Kb3 Bb5 29.Bxc4 Bxc4+ 30.Kc3 Rb7 31.Ra1 Rc8 32.Bc5 Rb5 33.Kd4 Re8 34.
Ra3 a5 35.g3 Re4+ 36.Kc3 Re6 37.h4 Kf7 38.Rxa5 Rg6 39.Rg1 Rc6 40.Rxb5 Bxb5
41.Kb2 1/2-1/2

[Event "1st EUR-ch"]
[Site "Saint Vincent ITA"]
[Date "2000.07.04"]
[Round "2"]
[White "Hertneck, Gerald"]
[Black "Mittelman, Gur"]
[Result "1/2-1/2"]
[WhiteElo "2541"]
[BlackElo "2419"]
[EventDate "2000.07.03"]
[PlyCount "75"]

1.c4 Nf6 2.g3 g6 3.Bg2 Bg7 4.Nc3 O-O 5.e4 c5 6.Nge2 Nc6 7.Rb1 d6 8.a3 a5 
9.d3 Bd7 10.O-O Ne8 11.Be3 Nc7 12.d4 cxd4 13.Nxd4 Ne5 14.b3 a4 15.bxa4 
Nxc4 16.Rxb7 Nxe3 17.fxe3 Na6 18.Qc2 Nc5 19.Rb4 e6 20.e5 Rc8 21.exd6 Nxa4 
22.Rxa4 Bxa4 23.Qxa4 Rxc3 24.Qb4 Rd3 25.Be4 Qg5 26.Bxd3 Qxe3+ 27.Kg2 Qxd3 
28.Nf3 Rd8 29.Qh4 f6 30.Rf2 Rxd6 31.a4 Qc3 32.Qe4 Qc6 33.Qxc6 Rxc6 34.a5 
Ra6 35.Nd4 Rxa5 36.Nxe6 Re5 37.Nxg7 Kxg7 38.h4 1/2-1/2

[Event "1st EUR-ch"]
[Site "Saint Vincent ITA"]
[Date "2000.07.04"]
[Round "2"]
[White "Kempinski, Robert"]
[Black "Kharlov, Andrei"]
[Result "1/2-1/2"]
[WhiteElo "2498"]
[BlackElo "2627"]
[EventDate "2000.07.03"]
[PlyCount "104"]

1.d4 d5 2.c4 dxc4 3.e3 Nf6 4.Bxc4 e6 5.Nf3 a6 6.Qe2 c5 7.dxc5 Bxc5 8.e4 b5
9.Bb3 Bb7 10.Nbd2 Nc6 11.O-O Nd7 12.Bc2 e5 13.a4 b4 14.Nb3 Ba7 15.Bg5 Qc7 
16.Rfc1 O-O 17.Bd3 Qd6 18.Bc4 Nd4 19.Nfxd4 exd4 20.Na5 Qg6 21.Nxb7 Qxg5 
22.Bxa6 Ne5 23.Bd3 Rfc8 24.Rf1 Qe7 25.Na5 Qc7 26.Nb3 Nxd3 27.Qxd3 Qc2 28.
Qxc2 Rxc2 29.Rab1 d3 30.Rbd1 Rxb2 31.Rxd3 g6 32.g3 Rc8 33.Rd7 Ra8 34.Nd2 
Ra2 35.Rc1 Bb6 36.Rc6 Rd8 37.Rxd8+ Bxd8 38.Nc4 Kg7 39.Rc8 Rc2 40.Rxd8 Rxc4
41.e5 b3 42.Rb8 Rxa4 43.Rxb3 Re4 44.Rb5 g5 45.h3 h5 46.f3 Ra4 47.e6 f6 48.
Rb8 Ra7 49.f4 gxf4 50.gxf4 f5 51.Kf2 h4 52.Ke3 Kf6 1/2-1/2

[Event "1st EUR-ch"]
[Site "Saint Vincent ITA"]
[Date "2000.07.04"]
[Round "2"]
[White "Krasenkow, Michal"]
[Black "Mikhalevski, Victor"]
[Result "1-0"]
[WhiteElo "2702"]
[BlackElo "2532"]
[EventDate "2000.07.03"]
[PlyCount "31"]

1.Nf3 Nf6 2.c4 g6 3.Nc3 d5 4.Qa4+ Bd7 5.Qb3 dxc4 6.Qxc4 a6 7.e4 b5 8.Qe2 
Nc6 9.e5 Nb4 10.exf6 Nc2+ 11.Kd1 Nxa1 12.b3 Bf5 13.Bb2 Nc2 14.g4 Bxg4 15.
Kxc2 e6 16.Qxb5+ 1-0

[Event "1st EUR-ch"]
[Site "Saint Vincent ITA"]
[Date "2000.07.04"]
[Round "2"]
[White "Kuczynski, Robert"]
[Black "Romanishin, Oleg"]
[Result "1/2-1/2"]
[WhiteElo "2479"]
[BlackElo "2591"]
[EventDate "2000.07.03"]
[PlyCount "59"]

1.e4 e5 2.Nf3 Nc6 3.Bb5 a6 4.Ba4 Nf6 5.O-O Be7 6.Re1 d6 7.Bxc6+ bxc6 8.d4 
exd4 9.Nxd4 Bd7 10.Nc3 O-O 11.Qf3 Re8 12.b3 a5 13.Bb2 Bf8 14.h3 c5 15.Nf5 
g6 16.Ne3 Bg7 17.Nc4 a4 18.e5 dxe5 19.Rad1 axb3 20.cxb3 Qc8 21.Nxe5 Be6 
22.Na4 Ra6 23.Nxc5 Rxa2 24.Nxe6 Rxe6 25.Nc4 Raa6 26.Rxe6 Rxe6 27.Ra1 Ne4 
28.Bxg7 Kxg7 29.Qd3 Re8 30.Qd4+ 1/2-1/2

[Event "1st EUR-ch"]
[Site "Saint Vincent ITA"]
[Date "2000.07.04"]
[Round "2"]
[White "Lalic, Bogdan"]
[Black "Fedorov, Alexei"]
[Result "1/2-1/2"]
[WhiteElo "2520"]
[BlackElo "2646"]
[EventDate "2000.07.03"]
[PlyCount "35"]

1.d4 Nf6 2.c4 g6 3.Nf3 Bg7 4.g3 O-O 5.Bg2 d6 6.Nc3 Nc6 7.O-O a6 8.b3 Rb8 
9.e3 b5 10.Qe2 b4 11.Nd5 Nh5 12.Bb2 e6 13.Nf4 Nxf4 14.exf4 Ne7 15.Rfd1 Nf5
16.d5 Re8 17.Bxg7 Kxg7 18.Qd2 1/2-1/2

[Event "1st EUR-ch"]
[Site "Saint Vincent ITA"]
[Date "2000.07.04"]
[Round "2"]
[White "Lobron, Eric"]
[Black "Georgiev, Kiril"]
[Result "0-1"]
[WhiteElo "2530"]
[BlackElo "2661"]
[EventDate "2000.07.03"]
[PlyCount "86"]

1.e4 c5 2.Nf3 d6 3.d4 cxd4 4.Qxd4 a6 5.c4 Nc6 6.Qd2 g6 7.b3 Nf6 8.Nc3 Bg7 
9.Bb2 Bg4 10.Be2 O-O 11.O-O Rb8 12.Rfe1 Qa5 13.Rad1 Nd7 14.a3 Rfc8 15.b4 
Qd8 16.Nd5 Bxf3 17.gxf3 Bxb2 18.Qxb2 e6 19.Ne3 Qg5+ 20.Ng2 e5 21.Rxd6 Nf8 
22.f4 exf4 23.Rd5 Qe7 24.b5 Re8 25.Qc3 axb5 26.cxb5 Nd8 27.f3 Nde6 28.Rc1 
Ra8 29.Qb4 Rxa3 30.Qxe7 Rxe7 31.b6 Rb3 32.Rd6 Kg7 33.Rcd1 Re8 34.h4 Rc8 
35.Ra1 Rb2 36.Bd3 Rc3 37.e5 Rcb3 38.Be4 Rxb6 39.Ne1 Nc5 40.Nd3 Rxd6 41.
exd6 Nxd3 42.Bxd3 Rd2 43.Ra3 Nd7 0-1

[Event "1st EUR-ch"]
[Site "Saint Vincent ITA"]
[Date "2000.07.04"]
[Round "2"]
[White "Malakhov, Vladimir"]
[Black "Dervishi, Erald"]
[Result "1/2-1/2"]
[WhiteElo "2605"]
[BlackElo "2478"]
[EventDate "2000.07.03"]
[PlyCount "132"]

1.e4 e5 2.Nf3 Nc6 3.Bb5 a6 4.Ba4 Nf6 5.O-O Be7 6.Re1 b5 7.Bb3 d6 8.c3 O-O 
9.h3 Bb7 10.d4 Re8 11.Nbd2 Bf8 12.a4 h6 13.Bc2 exd4 14.cxd4 Nb4 15.Bb1 c5 
16.d5 Nd7 17.Ra3 f5 18.Nh2 Kh8 19.g4 f4 20.Ndf3 g5 21.h4 Bg7 22.a5 Rc8 23.
Kg2 c4 24.hxg5 hxg5 25.Rh1 Kg8 26.Ne1 Nc5 27.Bd2 Nbd3 28.Nxd3 cxd3 29.b4 
Nxe4 30.Rxd3 Qd7 31.Be1 Re5 32.Ba2 Rc7 33.f3 Nf6 34.Bf2 Qe8 35.Rd2 Rce7 
36.Qc2 Bxd5 37.Rxd5 Rxd5 38.Nf1 Re5 39.Nd2 Kf8 40.Bxd5 Rxd5 41.Nb3 Re5 42.
Nd4 Nd5 43.Nf5 Re2 44.Qd3 Qe5 45.Rc1 Ra2 46.Kf1 Ra1 47.Rxa1 Qxa1+ 48.Kg2 
Qa2 49.Nxd6 Ne3+ 50.Kg1 Qa1+ 51.Kh2 Qb2 52.Ne4 Bd4 53.Nd2 Qc3 54.Qg6 Qxd2 
55.Qd6+ Kf7 56.Qd7+ Kg6 57.Qe8+ Kg7 58.Qe7+ Kh6 59.Qe6+ Kh7 60.Qe4+ Kg7 
61.Qe7+ Kg6 62.Qe8+ Kf6 63.Qf8+ Ke6 64.Qe8+ Kd5 65.Qf7+ Kd6 66.Qf8+ Ke6 
1/2-1/2

[Event "1st EUR-ch"]
[Site "Saint Vincent ITA"]
[Date "2000.07.04"]
[Round "2"]
[White "Milov, Vadim"]
[Black "Solak, Dragan"]
[Result "1/2-1/2"]
[WhiteElo "2626"]
[BlackElo "2490"]
[EventDate "2000.07.03"]
[PlyCount "99"]

1.d4 Nf6 2.c4 g6 3.Nc3 Bg7 4.e4 d6 5.Be2 O-O 6.Bg5 c5 7.dxc5 Qa5 8.Bd2 
Qxc5 9.Nf3 Bg4 10.Be3 Qa5 11.Nd2 Bxe2 12.Qxe2 Nc6 13.O-O Qh5 14.f3 Nd7 15.
Rac1 f5 16.exf5 Qxf5 17.Nde4 Nc5 18.Rfd1 Ne6 19.Nd5 Qf7 20.Qf2 a6 21.b3 
Rac8 22.Qh4 Rfe8 23.Rd2 Ncd4 24.Ng5 Nxg5 25.Bxd4 Ne6 26.Bxg7 Nxg7 27.Rdc2 
Nf5 28.Qe4 Qg7 29.Rd1 e6 30.Nf4 d5 31.Qd3 Qc7 32.Qd2 Qc5+ 33.Qf2 b5 34.Re1
dxc4 35.bxc4 Qxf2+ 36.Kxf2 Nd4 37.Rd2 Rxc4 38.Re4 e5 39.Nd3 Nc6 40.Rxc4 
bxc4 41.Rc2 cxd3 42.Rxc6 Rb8 43.Rxa6 Rb2+ 44.Ke3 Rxg2 45.Kxd3 Rxh2 46.Ke4 
Re2+ 47.Kd3 Rf2 48.Ke3 Rb2 49.Ke4 Re2+ 50.Kd3 1/2-1/2

[Event "1st EUR-ch"]
[Site "Saint Vincent ITA"]
[Date "2000.07.04"]
[Round "2"]
[White "Morovic, Ivan"]
[Black "Bellini, Fabio"]
[Result "1/2-1/2"]
[WhiteElo "2608"]
[BlackElo "2484"]
[EventDate "2000.07.03"]
[PlyCount "63"]

1.c4 e6 2.Nc3 d5 3.d4 Nf6 4.Bg5 Be7 5.e3 O-O 6.Nf3 Nbd7 7.Qc2 c5 8.cxd5 
Nxd5 9.Bxe7 Qxe7 10.Nxd5 exd5 11.dxc5 Nxc5 12.Be2 Bg4 13.O-O Rac8 14.Rac1 
Ne4 15.Qd3 Bxf3 16.Bxf3 Qe5 17.Rxc8 Rxc8 18.Rd1 g6 19.Qb3 b6 20.g3 Rc5 21.
Kg2 Qf5 22.Qd3 Qe5 23.b4 Rc4 24.a3 Nf6 25.Qd2 Qf5 26.Qd3 Qe5 27.Qd2 Qf5 
28.Qe2 Rc2 29.Rd2 Rc1 30.Rd1 Rc2 31.Rd2 Rc1 32.Rd1 1/2-1/2

[Event "1st EUR-ch"]
[Site "Saint Vincent ITA"]
[Date "2000.07.04"]
[Round "2"]
[White "Odeev, Handszar"]
[Black "Gdanski, Jacek"]
[Result "1/2-1/2"]
[WhiteElo "2442"]
[BlackElo "2557"]
[EventDate "2000.07.03"]
[PlyCount "81"]

1.e4 e6 2.d4 d5 3.Nc3 Bb4 4.exd5 exd5 5.Bd3 Ne7 6.Qf3 c5 7.a3 Bxc3+ 8.bxc3
c4 9.Be2 O-O 10.Rb1 Nbc6 11.Nh3 Bf5 12.O-O Be4 13.Qg3 Nf5 14.Qf4 Nd6 15.
Bd1 b5 16.a4 b4 17.cxb4 Nxd4 18.Qd2 Nb3 19.Rxb3 cxb3 20.cxb3 Qb6 21.Bb2 
Nf5 22.Ng5 Rad8 23.g4 Nh4 24.Bd4 Qg6 25.f3 Bd3 26.Rf2 Rfe8 27.Nh3 Bb1 28.
Nf4 Qd6 29.Nh5 f6 30.Rf1 Bg6 31.Nf4 Bf7 32.Bxa7 d4 33.Bc5 Qe5 34.a5 Qg5 
35.Rf2 Re3 36.Ng2 Nxg2 37.Kxg2 Qe5 38.a6 Bxb3 39.Bxb3+ Rxb3 40.Qa2 Qd5 41.
Bxd4 1/2-1/2

[Event "1st EUR-ch"]
[Site "Saint Vincent ITA"]
[Date "2000.07.04"]
[Round "2"]
[White "Rabinovich, Alexander"]
[Black "Macieja, Bartlomiej"]
[Result "0-1"]
[WhiteElo "2424"]
[BlackElo "2536"]
[EventDate "2000.07.03"]
[PlyCount "102"]

1.d4 Nf6 2.c4 e6 3.Nc3 Bb4 4.Qc2 c5 5.dxc5 O-O 6.a3 Bxc5 7.Nf3 b6 8.Bf4 
Bb7 9.e3 Nc6 10.Rd1 Rc8 11.Be2 Be7 12.b4 a5 13.b5 Nb8 14.Qb2 d6 15.O-O Nh5
16.Nd4 Nxf4 17.exf4 g6 18.Na4 Nd7 19.Rc1 Bf6 20.Qd2 Nc5 21.Bd1 d5 22.Nxc5 
Rxc5 23.Nc6 Bxc6 24.bxc6 dxc4 25.Qa2 Qd4 26.Be2 c3 27.g3 Qd5 28.Qxd5 exd5 
29.a4 Rxc6 30.Rfd1 d4 31.Kf1 Rfc8 32.Ba6 R8c7 33.Ke2 Re6+ 34.Kf1 g5 35.f5 
Rec6 36.Bd3 Rc4 37.Bxc4 Rxc4 38.Ke2 Rxa4 39.Kd3 b5 40.Ra1 Rxa1 41.Rxa1 a4 
42.h3 h5 43.f3 Be5 44.f4 gxf4 45.gxf4 Bd6 46.Kxd4 b4 47.Kd3 a3 48.Kc2 Kg7 
49.Kb3 Kf6 50.Rd1 Bxf4 51.Rd5 Be5 0-1

[Event "1st EUR-ch"]
[Site "Saint Vincent ITA"]
[Date "2000.07.04"]
[Round "2"]
[White "Rasmussen, Karsten"]
[Black "Mukic, Josko"]
[Result "1-0"]
[WhiteElo "2417"]
[BlackElo "2278"]
[EventDate "2000.07.03"]
[PlyCount "63"]

1.e4 d5 2.exd5 Qxd5 3.Nc3 Qa5 4.Bc4 c6 5.d4 Bf5 6.Bd2 e6 7.g4 Bg6 8.d5 Qc5
9.Qe2 cxd5 10.Nxd5 Nf6 11.Bb4 Qc8 12.Nxf6+ gxf6 13.Bc3 Be7 14.g5 Nc6 15.
O-O-O Qc7 16.Qe3 e5 17.Nf3 O-O 18.Rhg1 fxg5 19.Nxg5 Rad8 20.Rxd8 Bxd8 21.
h4 Kh8 22.Bd3 Qb6 23.Qf3 Nd4 24.Bxd4 exd4 25.Bxg6 Qxg6 26.Qxb7 d3 27.c3 
Bxg5+ 28.Rxg5 Qh6 29.Qe4 Rd8 30.Kd1 Qf6 31.Qe5 Rd6 32.Qe8# 1-0

[Event "1st EUR-ch"]
[Site "Saint Vincent ITA"]
[Date "2000.07.04"]
[Round "2"]
[White "Salmensuu, Olli"]
[Black "Markowski, Tomasz"]
[Result "0-1"]
[WhiteElo "2458"]
[BlackElo "2568"]
[EventDate "2000.07.03"]
[PlyCount "150"]

1.e4 e5 2.Nf3 Nc6 3.Bb5 Nf6 4.O-O Nxe4 5.d4 Nd6 6.Bxc6 dxc6 7.dxe5 Nf5 8.
Qxd8+ Kxd8 9.Nc3 Ke8 10.Nd1 c5 11.Ne3 Nxe3 12.Bxe3 Bf5 13.Rac1 Be7 14.Rfd1
h6 15.Ne1 b6 16.c4 Rd8 17.Rxd8+ Kxd8 18.Kf1 Kd7 19.f3 Ke6 20.g4 Bh7 21.Ng2
Kxe5 22.Bf4+ Ke6 23.Bxc7 Bf6 24.b3 Kd7 25.Bf4 Kc6 26.Ne3 Re8 27.Rd1 Bd4 
28.Nf5 Bxf5 29.gxf5 Kd7 30.Re1 Rxe1+ 31.Kxe1 Ke7 32.Bb8 a6 33.Ba7 b5 34.
cxb5 axb5 35.a4 bxa4 36.bxa4 Kd6 37.Kd2 Kd5 38.Kc2 Kc4 39.Bb6 Be5 40.h3 
Kb4 41.a5 Kb5 42.Bd8 c4 43.Kd2 h5 44.Kc2 Bd6 45.Kc3 Be5+ 46.Kc2 Bd4 47.Bc7
Bf6 48.Kd2 Bh4 49.Kc3 Be7 50.Bb6 Bg5 51.Bc7 Bh4 52.Kd2 Bf2 53.Kc3 Be1+ 54.
Kd4 Kb4 55.a6 Bf2+ 56.Ke4 c3 57.Be5 c2 58.Bb2 Kc4 59.Bc1 Ba7 60.Bd2 Bb8 
61.Ke3 Ba7+ 62.Ke2 Kb3 63.Kd3 Kb2 64.Ke4 c1=Q 65.Bxc1+ Kxc1 66.Ke5 Kd2 67.
f6 gxf6+ 68.Kxf6 Ke3 69.Kg5 Kxf3 70.Kxh5 Be3 71.h4 Kg3 72.a7 Bxa7 73.Kg5 
Bd4 74.h5 Bc3 75.h6 Bb2 0-1

[Event "1st EUR-ch"]
[Site "Saint Vincent ITA"]
[Date "2000.07.04"]
[Round "2"]
[White "Timman, Jan"]
[Black "Gershon, Alik"]
[Result "1/2-1/2"]
[WhiteElo "2639"]
[BlackElo "2502"]
[EventDate "2000.07.03"]
[PlyCount "87"]

1.d4 Nf6 2.c4 e6 3.Nf3 b6 4.g3 Ba6 5.b3 Bb4+ 6.Bd2 Be7 7.Bg2 c6 8.Bc3 d5 
9.Ne5 Nfd7 10.Nxd7 Nxd7 11.Nd2 Rc8 12.O-O Nf6 13.e4 dxe4 14.Nxe4 Nxe4 15.
Bxe4 b5 16.Qf3 O-O 17.Bxc6 bxc4 18.b4 Qb6 19.d5 exd5 20.Bxd5 Bf6 21.Bxf6 
Qxf6 22.a4 Qxf3 23.Bxf3 Rc7 24.Rac1 Rfc8 25.Rfd1 g6 26.Rc3 Bb7 27.Kg2 
Bxf3+ 28.Kxf3 Rb7 29.Rb1 a6 30.Ke2 Kg7 31.Kd2 Rd7+ 32.Kc2 f5 33.Re3 Kf6 
34.Kc3 Rd6 35.f4 Rd5 36.b5 axb5 37.axb5 Rdc5 38.Re2 Rb8 39.Re5 Rxe5 40.
fxe5+ Kxe5 41.Kxc4 Rc8+ 42.Kb3 g5 43.Re1+ Kd4 44.Re7 1/2-1/2

[Event "1st EUR-ch"]
[Site "Saint Vincent ITA"]
[Date "2000.07.04"]
[Round "2"]
[White "Tregubov, Pavel"]
[Black "Godena, Michele"]
[Result "1-0"]
[WhiteElo "2620"]
[BlackElo "2485"]
[EventDate "2000.07.03"]
[PlyCount "125"]

1.d4 d5 2.c4 c6 3.Nf3 Nf6 4.e3 e6 5.Bd3 dxc4 6.Bxc4 c5 7.O-O a6 8.Bb3 Nbd7
9.e4 Nxe4 10.Re1 Nef6 11.d5 Nb6 12.dxe6 Bxe6 13.Qxd8+ Kxd8 14.Bxe6 fxe6 
15.Rxe6 Nbd5 16.Nc3 Kd7 17.Nxd5 Nxd5 18.Re5 Kc6 19.Rg5 Rg8 20.Ne5+ Kc7 21.
Nf7 Kc6 22.Rh5 Re8 23.Bd2 Nf6 24.Rf5 Ne4 25.Bf4 g6 26.Ne5+ Kb6 27.Rf7 g5 
28.Re1 gxf4 29.Rxe4 Bd6 30.Nc4+ Kc6 31.Nxd6 Kxd6 32.Rfxf4 Kd5 33.f3 Rxe4 
34.Rxe4 b5 35.Kf2 c4 36.g3 Rc8 37.Ke3 c3 38.Rd4+ Ke5 39.f4+ Kf5 40.bxc3 
Rxc3+ 41.Rd3 Rc2 42.Rd5+ Ke6 43.Rd2 Rc3+ 44.Ke4 Rc4+ 45.Kf3 h5 46.Re2+ Kf6
47.h3 Ra4 48.g4 Ra3+ 49.Re3 hxg4+ 50.hxg4 Rxa2 51.g5+ Kf7 52.Kg4 b4 53.Rh3
a5 54.Rh7+ Ke6 55.f5+ Kd6 56.f6 Rg2+ 57.Kh5 b3 58.Rb7 a4 59.f7 Rh2+ 60.Kg4
Rf2 61.g6 Ke6 62.Kg5 Rf1 63.g7 1-0

[Event "1st EUR-ch"]
[Site "Saint Vincent ITA"]
[Date "2000.07.04"]
[Round "2"]
[White "Vukovic, Zdravko"]
[Black "Yakovich, Yury"]
[Result "1/2-1/2"]
[WhiteElo "2471"]
[BlackElo "2585"]
[EventDate "2000.07.03"]
[PlyCount "40"]

1.e4 c5 2.b3 d6 3.Bb5+ Nd7 4.f4 Nf6 5.Nc3 a6 6.Bxd7+ Bxd7 7.Bb2 Bc6 8.Qe2 
e6 9.Nf3 Be7 10.O-O-O Qc7 11.e5 Nd7 12.exd6 Qxd6 13.Ne5 Nxe5 14.fxe5 Qd7 
15.Rhf1 O-O 16.Ne4 Bxe4 17.Qxe4 Rad8 18.Rf3 Bg5 19.Kb1 Qe7 20.d3 b5 
1/2-1/2

[Event "1st EUR-ch"]
[Site "Saint Vincent ITA"]
[Date "2000.07.05"]
[Round "3"]
[White "Bellini, Fabio"]
[Black "Malakhov, Vladimir"]
[Result "0-1"]
[WhiteElo "2484"]
[BlackElo "2605"]
[EventDate "2000.07.03"]
[PlyCount "66"]

1.e4 c5 2.b3 Nc6 3.Bb2 d6 4.Bb5 e5 5.Ne2 Nf6 6.Bxc6+ bxc6 7.d3 Nh5 8.O-O 
Qh4 9.Nd2 Be7 10.f4 exf4 11.Nf3 Qg4 12.Qd2 O-O 13.Rf2 g5 14.d4 Qe6 15.dxc5
dxc5 16.Qc3 Bf6 17.e5 Be7 18.Re1 Qd5 19.e6 Bf6 20.e7 Re8 21.Qxf6 Nxf6 22.
Bxf6 Qf5 23.Bxg5 f6 24.Bh4 Rxe7 25.Ref1 Ba6 26.c4 Rae8 27.Nc3 Re3 28.Na4 
Re2 29.h3 Bc8 30.Nc3 Rxf2 31.Rxf2 Re3 32.Nd1 Qb1 33.Rf1 Rxf3 0-1

[Event "1st EUR-ch"]
[Site "Saint Vincent ITA"]
[Date "2000.07.05"]
[Round "3"]
[White "Chernin, Alexander"]
[Black "Handke, Florian"]
[Result "1-0"]
[WhiteElo "2572"]
[BlackElo "2455"]
[EventDate "2000.07.03"]
[PlyCount "115"]

1.d4 Nf6 2.c4 e6 3.Nf3 c5 4.d5 d6 5.Nc3 exd5 6.cxd5 g6 7.Nd2 Bg7 8.e4 O-O 
9.Be2 Na6 10.O-O Nc7 11.a4 b6 12.Kh1 Re8 13.f3 Rb8 14.Nc4 Ba6 15.Bg5 Qd7 
16.b3 Nh5 17.Rc1 b5 18.axb5 Nxb5 19.Nxb5 Bxb5 20.g4 Nf6 21.Bf4 Bxc4 22.
Bxc4 Qe7 23.Qe2 h5 24.g5 Nd7 25.Bb5 Rf8 26.b4 Rfc8 27.Bxd7 Qxd7 28.bxc5 
Rb2 29.c6 Qh3 30.Bd2 a5 31.Rf2 a4 32.Qf1 Qxf1+ 33.Rcxf1 a3 34.Bc1 Rb3 35.
Ra2 Ra8 36.Kg2 Kf8 37.Rff2 Ke7 38.f4 Bd4 39.Rf3 Rb2+ 40.Bxb2 axb2 41.Rxb2 
Bxb2 42.Rb3 Bd4 43.Rb7+ Ke8 44.Kf3 Bc5 45.f5 Bd4 46.h4 Be5 47.f6 Bd4 48.
Ke2 Bc5 49.Re7+ Kf8 50.Rb7 Ke8 51.Re7+ Kf8 52.Kd3 Rb8 53.Kc3 Bb6 54.Kc4 
Re8 55.Rb7 Rxe4+ 56.Kd3 Re8 57.Rxb6 Rc8 58.Rb7 1-0

[Event "1st EUR-ch"]
[Site "Saint Vincent ITA"]
[Date "2000.07.05"]
[Round "3"]
[White "Efimov, Igor"]
[Black "Pedersen, Jan"]
[Result "1/2-1/2"]
[WhiteElo "2520"]
[BlackElo "2322"]
[EventDate "2000.07.03"]
[PlyCount "64"]

1.d4 Nf6 2.c4 g6 3.Nc3 Bg7 4.e4 d6 5.Nge2 e5 6.d5 Nh5 7.h3 Qe7 8.g4 Nf4 9.
Nxf4 exf4 10.Bxf4 Bxc3+ 11.bxc3 Qxe4+ 12.Qe2 Qxe2+ 13.Bxe2 Nd7 14.Bh6 f6 
15.Kd2 Kf7 16.Rae1 Nc5 17.f3 Bd7 18.h4 Rae8 19.Be3 h5 20.gxh5 gxh5 21.Reg1
Bf5 22.Rh2 Reg8 23.Rhg2 Rxg2 24.Rxg2 Rg8 25.Rxg8 Kxg8 26.Bxc5 dxc5 27.Ke3 
Kf7 28.a3 b6 29.Bd1 Bh3 30.Be2 Bf5 31.Bd3 Bxd3 32.Kxd3 f5 1/2-1/2

[Event "1st EUR-ch"]
[Site "Saint Vincent ITA"]
[Date "2000.07.05"]
[Round "3"]
[White "Everet, Alexander"]
[Black "Lobron, Eric"]
[Result "0-1"]
[WhiteElo "2348"]
[BlackElo "2530"]
[EventDate "2000.07.03"]
[PlyCount "144"]

1.e4 c5 2.Nf3 e6 3.b3 a6 4.Bb2 Nc6 5.Be2 d6 6.O-O e5 7.c3 Nf6 8.Qc2 Be7 9.
h3 O-O 10.d3 b5 11.Nbd2 Bb7 12.d4 cxd4 13.cxd4 Rc8 14.dxe5 dxe5 15.Rac1 
Nh5 16.Qd1 Nf4 17.Re1 f6 18.Bf1 Nb4 19.Rxc8 Qxc8 20.Qb1 Rd8 21.Rc1 Qd7 22.
Rc3 Bf8 23.a3 Nc6 24.b4 h5 25.Kh2 h4 26.Bc1 g5 27.Ne1 Nd4 28.Ndf3 Nfe6 29.
Be3 Bd6 30.Kh1 Bb8 31.Bd3 Kg7 32.Qc1 Qf7 33.Nd2 Rd7 34.Qd1 Rc7 35.Nb1 Nf4 
36.Bxf4 exf4 37.Rxc7 Qxc7 38.f3 Ba7 39.Nc2 Ne6 40.Na1 Nd4 41.Nc2 Nc6 42.
Na1 Ne5 43.Be2 Bc8 44.Nb3 Be6 45.Qc1 Qxc1+ 46.Nxc1 Bd4 47.a4 bxa4 48.Bxa6 
Bb2 49.Nd3 Nxd3 50.Bxd3 a3 51.Nxa3 Bxa3 52.b5 Bc5 53.Kh2 Bb6 54.Kh1 Kf8 
55.Kh2 Ke7 56.Kh1 Kd6 57.Kh2 Ke5 58.Kh1 Kd4 59.Be2 Kc3 60.Kh2 Kd2 61.Bf1 
Bb3 62.Kh1 Ke1 63.Bd3 Kf2 64.Kh2 Ba2 65.Kh1 Bb3 66.Kh2 Bd1 67.Bc4 Be2 68.
Bxe2 Kxe2 69.Kh1 Kf1 70.Kh2 Bc5 71.Kh1 Bg1 72.b6 Bxb6 0-1

[Event "1st EUR-ch"]
[Site "Saint Vincent ITA"]
[Date "2000.07.05"]
[Round "3"]
[White "Fedorov, Alexei"]
[Black "Kempinski, Robert"]
[Result "1-0"]
[WhiteElo "2646"]
[BlackElo "2498"]
[EventDate "2000.07.03"]
[PlyCount "51"]

1.e4 c5 2.Nf3 d6 3.d4 cxd4 4.Nxd4 Nf6 5.Nc3 a6 6.f3 Qb6 7.Nb3 e6 8.Qe2 
Nbd7 9.g4 h6 10.h4 Ne5 11.f4 Nexg4 12.e5 dxe5 13.fxe5 Qc7 14.Bf4 Bb4 15.
Rh3 h5 16.O-O-O Nd7 17.Kb1 O-O 18.Ne4 Ndxe5 19.a3 Be7 20.Rc3 Qb6 21.Bxe5 
Nxe5 22.Qxh5 f6 23.Bh3 Bd7 24.Rg3 Rf7 25.Qh6 f5 26.Bxf5 1-0

[Event "1st EUR-ch"]
[Site "Saint Vincent ITA"]
[Date "2000.07.05"]
[Round "3"]
[White "Gdanski, Jacek"]
[Black "Simonenko, Sergei"]
[Result "0-1"]
[WhiteElo "2557"]
[BlackElo "2465"]
[EventDate "2000.07.03"]
[PlyCount "66"]

1.e4 d6 2.d4 Nf6 3.Nc3 g6 4.f4 Bg7 5.Nf3 O-O 6.Be2 c5 7.dxc5 Qa5 8.O-O 
Qxc5+ 9.Kh1 Bg4 10.Bd3 Nc6 11.Qe1 Bxf3 12.Rxf3 Nd7 13.Rh3 Bxc3 14.bxc3 
Rfe8 15.Bd2 Na5 16.Qh4 Nf8 17.Rf1 Nc4 18.Bc1 Rac8 19.e5 e6 20.exd6 Nxd6 
21.Be3 Qxc3 22.Bxa7 Qb2 23.a4 b6 24.f5 exf5 25.a5 Re4 26.Bxe4 Nxe4 27.Bxb6
Rxc2 28.Rg1 g5 29.Qh5 Qxb6 30.Rf3 Qxa5 31.Rgf1 Ng6 32.Rb3 Qd2 33.Qf3 Nh4 
0-1

[Event "1st EUR-ch"]
[Site "Saint Vincent ITA"]
[Date "2000.07.05"]
[Round "3"]
[White "Georgiev, Kiril"]
[Black "Anastasian, Ashot"]
[Result "1-0"]
[WhiteElo "2661"]
[BlackElo "2571"]
[EventDate "2000.07.03"]
[PlyCount "63"]

1.e4 c6 2.d4 d5 3.e5 Bf5 4.c3 e6 5.Be3 Nd7 6.Nd2 Ne7 7.f4 h5 8.Be2 a5 9.
Bxh5 c5 10.Be2 cxd4 11.Bxd4 Nc6 12.Ngf3 a4 13.b4 g5 14.fxg5 Nxd4 15.Nxd4 
Bg6 16.N2f3 Qc7 17.Nb5 Qb8 18.Qd4 Bg7 19.Nd6+ Kf8 20.O-O Kg8 21.Qf4 Qc7 
22.Bb5 Rd8 23.Kh1 a3 24.Bxd7 Qxd7 25.c4 dxc4 26.Nxc4 Bf8 27.Nd6 Bg7 28.
Rad1 Qa4 29.Rd2 Qc6 30.h3 Rh5 31.Kh2 Rh8 32.Nf5 1-0

[Event "1st EUR-ch"]
[Site "Saint Vincent ITA"]
[Date "2000.07.05"]
[Round "3"]
[White "Jonkman, Harmen"]
[Black "Hertneck, Gerald"]
[Result "0-1"]
[WhiteElo "2424"]
[BlackElo "2541"]
[EventDate "2000.07.03"]
[PlyCount "84"]

1.e4 e6 2.d4 d5 3.e5 c5 4.c3 Nc6 5.Nf3 Bd7 6.Be2 Nge7 7.O-O Ng6 8.Bd3 Be7 
9.Be3 Qb6 10.Qd2 c4 11.Be2 O-O 12.g3 Qd8 13.Ne1 f5 14.f4 b5 15.Ng2 Rb8 16.
b4 a5 17.a3 Ra8 18.Ra2 axb4 19.cxb4 Qb6 20.Rc2 Ra6 21.Rb2 Qa7 22.Qc3 Ra8 
23.h3 Rxa3 24.Nxa3 Qxa3 25.Bd2 Bd8 26.Rd1 Bb6 27.Be1 Qxc3 28.Bxc3 Ra3 29.
Rc2 Rb3 30.Ba1 Nxb4 31.Rb2 Ra3 32.Kh2 Na6 33.Rc2 Ne7 34.Bb2 Rb3 35.Ba1 b4 
36.g4 Ra3 37.Bxc4 dxc4 38.Rxc4 Bb5 39.Rcc1 Nc7 40.d5 Ncxd5 41.Bd4 Bxd4 42.
Rxd4 Bd3 0-1